000
00286nam a22001337a 4500
008
180202b xxu||||| |||| 00| 0 eng d
020
_a
9789086861149
041
_a
eng
080
_a
574
100
_a
9
101
_a
MJE
245
_a
Book of abstracts
_c
Lokhorst,C
942
_2
udc
_c
BK
999
_c
41591
_d
41591